LEADER 01001nam0-22003131i-450- 001 990005587250403321 005 20070924111205.0 010 $a3515020063 035 $a000558725 035 $aFED01000558725 035 $a(Aleph)000558725FED01 035 $a000558725 100 $a19990604d1975----km-y0itay50------ba 101 0 $ager 105 $af-------00--- 200 1 $aChartres-Studien zu Vorgeschichte, Funktion und Skulptur der Vorhallen$fvon Peter Cornelius Claussen 210 $aWiesbaden$cFranz Steiner$d1975 215 $a172 p., 58 tav.$d30 cm 225 1 $aForschungen zur Kunstgeschichte und christlichen Archäologie$v9 676 $a726.6 676 $a723.5 700 1$aClaussen,$bPeter Cornelius$0215506 801 0$aIT$bUNINA$gRICA$2UNIMARC 901 $aBK 912 $a990005587250403321 952 $a726.6 CLA 1$bST. ARTE 13299$fFLFBC 959 $aFLFBC 996 $aChartres-Studien zu Vorgeschichte, Funktion und Skulptur der Vorhallen$9607805 997 $aUNINA LEADER 02890nam 2200637Ia 450 001 9910453844503321 005 20200520144314.0 010 $a1-281-94765-2 010 $a9786611947651 010 $a0-7486-2903-3 035 $a(CKB)1000000000552726 035 $a(EBL)380393 035 $a(OCoLC)476208578 035 $a(SSID)ssj0000102000 035 $a(PQKBManifestationID)11131474 035 $a(PQKBTitleCode)TC0000102000 035 $a(PQKBWorkID)10043351 035 $a(PQKB)11270900 035 $a(MiAaPQ)EBC380393 035 $a(PPN)144401746 035 $a(Au-PeEL)EBL380393 035 $a(CaPaEBR)ebr10257687 035 $a(CaONFJC)MIL194765 035 $a(OCoLC)437240909 035 $a(EXLCZ)991000000000552726 100 $a20081224d2008 uy 0 101 0 $aeng 135 $aurcn||||||||| 181 $ctxt 182 $cc 183 $acr 200 10$aAmerican culture in the 1960s$b[electronic resource] /$fSharon Monteith 210 $aEdinburgh $cEdinburgh University Press$d2008 215 $a1 online resource (273 p.) 225 1 $aTwentieth-century American culture 300 $aDescription based upon print version of record. 311 $a0-7486-1946-1 320 $aIncludes bibliographical references and index. 327 $aCOVER; Copyright; Contents; Figures; Case Studies; Acknowledgements; Chronology of 1960's American Culture; Introduction: The Intellectual Context; Chapter 1 Music and Performance; Chapter 2 Film and Television; Chapter 3 Fiction and Poetry; Chapter 4 Art and Photography; Chapter 5 New Social Movements and Creative Dissent; Conclusion: The Sixties and its Cultural Legacy; Notes; Bibliography; Index; 330 $aThis book charts the changing complexion of American culture in one of the most culturally vibrant of twentieth-century decades. It provides a vivid account of the major cultural forms of 1960's America - music and performance; film and television; fiction and poetry; art and photography - as well as influential texts, trends and figures of the decade: from Norman Mailer to Susan Sontag; from Muhammad Ali's anti-war protests to Tom Lehrer's stand-up comedy; from Bob Dylan to Rachel Carson; and from Pop Art to photojournalism. A chapter on new social movements demonstrates that a current 410 0$aTwentieth-century American culture. 606 $aPopular culture$zUnited States$xHistory$y20th century 606 $aNineteen sixties 607 $aUnited States$xCivilization$y1945- 608 $aElectronic books. 615 0$aPopular culture$xHistory 615 0$aNineteen sixties. 676 $a306.097309046 700 $aMonteith$b Sharon$0996121 801 0$bMiAaPQ 801 1$bMiAaPQ 801 2$bMiAaPQ 906 $aBOOK 912 $a9910453844503321 996 $aAmerican culture in the 1960s$92282771 997 $aUNINA LEADER 03350nam 22006732 450 001 9910453644103321 005 20151005020622.0 010 $a1-107-28954-8 010 $a1-139-89060-3 010 $a1-107-28906-8 010 $a1-107-52985-9 010 $a1-139-01343-2 010 $a1-107-29395-2 010 $a1-107-29116-X 010 $a1-107-29011-2 010 $a1-107-29288-3 035 $a(CKB)2550000001138758 035 $a(EBL)1303627 035 $a(OCoLC)861537946 035 $a(SSID)ssj0000999539 035 $a(PQKBManifestationID)12466747 035 $a(PQKBTitleCode)TC0000999539 035 $a(PQKBWorkID)10933102 035 $a(PQKB)10611579 035 $a(UkCbUP)CR9781139013437 035 $a(MiAaPQ)EBC1303627 035 $a(Au-PeEL)EBL1303627 035 $a(CaPaEBR)ebr10774098 035 $a(CaONFJC)MIL538428 035 $a(EXLCZ)992550000001138758 100 $a20110207d2013|||| uy| 0 101 0 $aeng 135 $aur||||||||||| 181 $ctxt$2rdacontent 182 $cc$2rdamedia 183 $acr$2rdacarrier 200 14$aThe new Muslims of post-conquest Iran $etradition, memory and conversion /$fSarah Bowen Savant, Aga Khan University, Institute for the Study of Muslim Civilisations$b[electronic resource] 210 1$aCambridge :$cCambridge University Press,$d2013. 215 $a1 online resource (xvii, 277 pages) $cdigital, PDF file(s) 225 1 $aCambridge studies in Islamic civilization 300 $aTitle from publisher's bibliographic system (viewed on 05 Oct 2015). 311 $a1-107-01408-5 311 $a1-306-07177-1 320 $aIncludes bibliographical references and index. 327 $aPrior connections to islam -- Muh?ammad's Persian companion, Salman al-Farisi -- Finding meaning in the past -- Reforming Iranians' memories of pre-Islamic times -- The unhappy prophet -- Asserting the end of the past. 330 $aHow do converts to a religion come to feel an attachment to it? The New Muslims of Post-Conquest Iran answers this important question for Iran by focusing on the role of memory and its revision and erasure in the ninth to eleventh centuries. During this period, the descendants of the Persian imperial, religious and historiographical traditions not only wrote themselves into starkly different early Arabic and Islamic accounts of the past but also systematically suppressed much knowledge about pre-Islamic history. The result was both a new 'Persian' ethnic identity and the pairing of Islam with other loyalties and affiliations, including family, locale and sect. This pioneering study examines revisions to memory in a wide range of cases, from Iran's imperial and administrative heritage to the Prophet Muhammad's stalwart Persian companion, Salman al-Farisi, and to memory of Iranian scholars, soldiers and rulers in the mid-seventh century. 410 0$aCambridge studies in Islamic civilization. 606 $aIslam$zIran$xHistory 606 $aConversion$xIslam$xHistory 615 0$aIslam$xHistory. 615 0$aConversion$xIslam$xHistory. 676 $a297.0955 700 $aSavant$b Sarah Bowen$01042605 801 0$bUkCbUP 801 1$bUkCbUP 906 $aBOOK 912 $a9910453644103321 996 $aThe new Muslims of post-conquest Iran$92466949 997 $aUNINA